| 000 | 00583nam a2200217Ia 4500 | ||
|---|---|---|---|
| 008 | 170203s9999 xx 000 0 und d | ||
| 020 | _a0-816740089 | ||
| 050 | _aFic | ||
| 050 | _b.C886w 1996 | ||
| 100 | _aCraig, Janet P. | ||
| 245 | _aWhy Spider Spins Tales / | ||
| 245 | _bA Story from Africa / | ||
| 245 | _cretold by Janet Palazzo-Craig ; illustrated by Charles Reasoner. | ||
| 260 | _aU.S.A : | ||
| 260 | _bTroll Communication L.L.C. | ||
| 260 | _c1996 | ||
| 300 | _a32 pages ; | ||
| 300 | _bcol. ill. ; | ||
| 300 | _c23 cm. | ||
| 440 | _aFirst-start legends. | ||
| 999 |
_c306028 _d306028 |
||